000 00873cam a2200241 4500
001 ABS62775
008 000000n2000 000 0 eng u
035 _a(Sirsi) u107812
100 _aFord, R.
245 _aPrecautionary tale
260 _c2000
490 _aEstates Gazette
_v(0028) 15 July 2000, 142(1)
520 _aWarns that the Stewart Report's recommendations on using a 'precautionary approach' to the siting of mobile phone masts could have wide ranging implications for the industry, leading eventually to the obstruction of techological development.
590 _aABS
650 _aSTEWART REPORT
650 _aMOBILE PHONES
650 _aMOBILE PHONE MASTS
650 _aHEALTH HAZARDS
650 _aELECTROMAGNETIC FIELDS
650 _aPLANNING POLICY
690 _aENVIRONMENTAL AND LAND CONSULTANCY-PLANNING AND DEVELOPMENT
942 _n0
999 _c64399
_d64399